000 00323nam a22001337a 4500
999 _c527276
_d527276
040 _cNUST
082 _22nd
_a624.183412
_bGIL
100 _aGilbert Raymond lan
_918418
245 _aDesign of prestressed concrete to eurocode 2
260 _bCRC Press
_c2017
300 _bHB,ill,665
521 _aPB
942 _2ddc
_cBK